[Event "EU-ch Seniors 65 21st"]
[Site "Lublin"]
[Date "2022.07.12"]
[Round "8"]
[White "Virtanen, Esko"]
[Black "Plesiuk, Jan"]
[Result "0-1"]
[WhiteElo "1709"]
[BlackElo "1573"]
[PlyCount "90"]
[EventDate "2022.07.05"]
[EventType "swiss"]
[EventRounds "9"]
[EventCountry "POL"]
[SourceTitle "CBM 209 Extra"]
[Source "ChessBase"]
[SourceDate "2022.09.30"]
[SourceVersion "1"]
[SourceVersionDate "2022.09.30"]
[SourceQuality "1"]

1. Nf3 d5 2. d4 c6 3. c4 e6 4. Bf4 Bd6 5. Bxd6 Qxd6 6. e3 Nf6 7. Nc3 0-0 8. Rc1 Nbd7 9. h3 Re8 10. Be2 h6 11. 0-0 dxc4 12. Bxc4 e5 13. Qb3 Qf8 14. Nh4 exd4 15. Ng6 Nc5 16. Bxf7+ Qxf7 17. Qxf7+ Kxf7 18. exd4 Kxg6 19. dxc5 Be6 20. a3 Bc4 21. Rfe1 Rxe1+ 22. Rxe1 Re8 23. Rd1 Nd5 24. Nxd5 cxd5 25. Rc1 Re2 26. b4 Bb5 27. Rd1 Bc6 28. Rd3 Re5 29. Kh2 Kf6 30. g4 g5 31. Kg3 Re4 32. h4 Rf4 33. hxg5+ hxg5 34. f3 d4 35. Kf2 Ke5 36. a4 a6 37. Rb3 Bxa4 38. Rb1 Bc2 39. Re1+ Kd5 40. Re7 Bd1 41. Rxb7 Bxf3 42. Rd7+ Kc4 43. Rg7 Bxg4+ 44. Kg3 d3 45. Rxg5 Rd4 0-1

[Event "FIN-ch Seniors 65"]
[Site "Helsinki"]
[Date "2020.09.27"]
[Round "6"]
[White "Virtanen, Esko"]
[Black "Patola, Eero"]
[Result "1/2-1/2"]
[WhiteElo "1739"]
[BlackElo "1826"]
[PlyCount "105"]
[EventDate "2020.09.24"]
[EventType "swiss"]
[EventRounds "7"]
[EventCountry "FIN"]
[SourceTitle "CBM 198 Extra"]
[Source "ChessBase"]
[SourceDate "2020.11.30"]
[SourceVersion "1"]
[SourceVersionDate "2020.11.30"]
[SourceQuality "1"]

1. Nf3 f5 2. d4 Nf6 3. c4 g6 4. Nc3 Bg7 5. e3 d6 6. Qc2 0-0 7. Be2 Na6 8. a3 c5 9. d5 Nc7 10. b4 cxb4 11. axb4 a6 12. 0-0 Bd7 13. Rd1 Qe8 14. Bb2 h6 15. h3 Qf7 16. Ra2 Rac8 17. Qb3 Ne4 18. Na4 Bxb2 19. Rxb2 Bxa4 20. Qxa4 Nc3 21. Qa1 Nxd1 22. Qxd1 Qf6 23. Rc2 g5 24. Nd4 Kg7 25. Bd3 f4 26. Nf5+ Kh8 27. Qh5 fxe3 28. f3 Qa1+ 29. Kh2 Qe5+ 30. g3 Rf6 31. Nxh6 Kg7 32. Ng4 Rh8 33. Nxe5 Rxh5 34. Ng4 Rxf3 35. Re2 e5 36. Nxe3 g4 37. h4 Ne8 38. Be4 Rf8 39. Nxg4 Nf6 40. Nxf6 Rxf6 41. Kg2 Rh8 42. c5 Rb8 43. Bf3 dxc5 44. bxc5 Rc8 45. c6 bxc6 46. dxc6 Rcf8 47. c7 Rxf3 48. c8Q Rxg3+ 49. Kxg3 Rxc8 50. Rxe5 Rc3+ 51. Kg4 Ra3 52. Kg5 Rg3+ 53. Kf4 1/2-1/2

[Event "WchT Seniors 65"]
[Site "Prague"]
[Date "2020.03.10"]
[Round "5.25"]
[White "Virtanen, Esko"]
[Black "Juergens, Peter1111"]
[Result "1/2-1/2"]
[WhiteElo "1723"]
[BlackElo "1843"]
[PlyCount "26"]
[EventDate "2020.03.06"]
[EventType "team-swiss"]
[EventRounds "7"]
[EventCountry "CZE"]
[SourceTitle "CBM 195 Extra"]
[Source "ChessBase"]
[SourceDate "2020.05.31"]
[SourceVersion "1"]
[SourceVersionDate "2020.05.31"]
[SourceQuality "1"]
[WhiteTeam "Finland 65 III"]
[BlackTeam "Germany 65 XI"]
[WhiteTeamCountry "FIN"]
[BlackTeamCountry "GER"]

1. Nf3 Nf6 2. d4 e6 3. c4 Bb4+ 4. Nc3 0-0 5. Bg5 d5 6. e3 Nbd7 7. Qc2 c6 8. Bd3 h6 9. Bh4 Re8 10. 0-0 Bd6 11. Rad1 a6 12. e4 dxe4 13. Nxe4 Be7 1/2-1/2

[Event "Wch Seniors 65 29th"]
[Site "Bucharest"]
[Date "2019.11.21"]
[Round "9"]
[White "Moroianu, George"]
[Black "Virtanen, Esko"]
[Result "1-0"]
[WhiteElo "1496"]
[BlackElo "1755"]
[PlyCount "66"]
[EventDate "2019.11.12"]
[EventType "swiss"]
[EventRounds "11"]
[EventCountry "ROU"]
[SourceTitle "CBM 193 Extra"]
[Source "ChessBase"]
[SourceDate "2020.01.31"]
[SourceVersion "1"]
[SourceVersionDate "2020.01.31"]
[SourceQuality "1"]

1. d4 d5 2. Nf3 Nf6 3. g3 Bf5 4. Bg2 e6 5. 0-0 h6 6. c4 c6 7. cxd5 exd5 8. Qb3 Qb6 9. Qe3+ Be7 10. h3 Qc7 11. Nbd2 0-0 12. Qb3 Re8 13. Re1 Nbd7 14. Nf1 Qb6 15. Qd1 Bd6 16. Ne3 Be4 17. a3 a5 18. Nf1 Qa6 19. Bd2 a4 20. Bc3 Nb6 21. N1d2 Bg6 22. Ne5 Bh7 23. e4 dxe4 24. Nxe4 Nxe4 25. Bxe4 Bxe4 26. Rxe4 f6 27. Qh5 fxe5 28. dxe5 Bf8 29. e6 Nd5 30. Be5 c5 31. Rh4 Rxe6 32. Re1 Rxe5 33. Rxe5 Nf6 1-0

[Event "FIN-ch rapid"]
[Site "Helsinki"]
[Date "2019.08.24"]
[Round "2"]
[White "Lindstrem, Timur"]
[Black "Virtanen, Esko"]
[Result "1-0"]
[WhiteElo "1390"]
[BlackElo "1771"]
[PlyCount "125"]
[EventDate "2019.08.24"]
[EventType "swiss (rapid)"]
[EventRounds "9"]
[EventCountry "FIN"]
[SourceTitle "EXT 2020"]
[Source "ChessBase"]
[SourceDate "2019.10.17"]
[SourceVersion "1"]
[SourceVersionDate "2019.10.17"]
[SourceQuality "1"]

1. e4 d5 2. exd5 Nf6 3. Nc3 Nxd5 4. Nf3 Nxc3 5. dxc3 Qxd1+ 6. Kxd1 Bg4 7. Be2 e6 8. h3 Bh5 9. g4 Bg6 10. Bf4 c6 11. Bd3 Bc5 12. Ke2 0-0 13. h4 h5 14. gxh5 Bxh5 15. Rhg1 Kh8 16. Rg5 Bxf3+ 17. Kxf3 Nd7 18. Rag1 g6 19. h5 Be7 20. R5g2 gxh5 21. Rh1 h4 22. Bg5 Ne5+ 23. Ke2 Bxg5 24. Rxg5 Ng6 25. Bxg6 fxg6 26. Rxg6 Kh7 27. Rg4 Rf6 28. Rgxh4+ Kg7 29. Rh7+ Kg6 30. Rxb7 a5 31. Rhh7 Raf8 32. Rbg7+ Kf5 33. Rh5+ Kf4 34. f3 Rf5 35. Rxf5+ Rxf5 36. Rg4+ Ke5 37. Re4+ Kd6 38. Ke3 Rh5 39. Kd3 Rh3 40. Re3 Kd7 41. c4 c5 42. f4 Rh4 43. Re4 Rh3+ 44. Re3 Rh2 45. Re2 Rh1 46. b3 Kd6 47. a4 Rh3+ 48. Re3 Rh4 49. Rf3 Rh1 50. f5 Rd1+ 51. Ke2 Rd4 52. fxe6 Kxe6 53. Re3+ Kd6 54. Rd3 Ke5 55. Rxd4 Kxd4 56. Kd2 Ke4 57. c3 Kf3 58. Kd3 Kf4 59. b4 axb4 60. cxb4 cxb4 61. a5 Ke5 62. a6 Kd6 63. a7 1-0

[Event "EU-ch Seniors 65 19th"]
[Site "Rhodes"]
[Date "2019.04.08"]
[Round "3"]
[White "Fischer, Johann3333"]
[Black "Virtanen, Esko"]
[Result "0-1"]
[WhiteElo "1513"]
[BlackElo "1783"]
[PlyCount "72"]
[EventDate "2019.04.06"]
[EventType "swiss"]
[EventRounds "9"]
[EventCountry "GRE"]
[SourceTitle "CBM 189 Extra"]
[Source "ChessBase"]
[SourceDate "2019.06.03"]
[SourceVersion "1"]
[SourceVersionDate "2019.06.03"]
[SourceQuality "1"]

1. Nf3 Nf6 2. d4 d5 3. Nbd2 Bg4 4. Ne5 Bh5 5. c3 c6 6. g3 e6 7. Bg2 Bd6 8. 0-0 0-0 9. f4 c5 10. Ndf3 Nc6 11. h3 Bxf3 12. Bxf3 Qb6 13. e3 Rad8 14. g4 cxd4 15. cxd4 Ne4 16. a3 f6 17. Nxc6 Qxc6 18. Bxe4 dxe4 19. Bd2 Qd5 20. Bc3 g5 21. Qe2 gxf4 22. exf4 f5 23. Rae1 Rd7 24. g5 Rg7 25. h4 h6 26. Qh5 hxg5 27. hxg5 Rff7 28. Re3 Rh7 29. Qe2 Rh4 30. Qe1 Rfh7 31. Qg3 Rg4 32. Qxg4 fxg4 33. Kg2 Qf5 34. Bd2 Bxf4 35. Rg3 Bxd2 36. Rxf5 exf5 0-1